• 首页
  • 本馆介绍
  • 公告通知
  • 最新文献
  • 馆藏检索
  • 电子资源
  • 读者导购
  • 参考咨询
  • 我的图书馆
  • 登录
  • 详细信息显示
  • 放入我的书架
  • 预约/预借图书
  • 作者相关作品
  • 分类相关作品
  • 丛书相关作品
  • 出版社相关作品

书目信息

  • 表格格式
  • 工作单格式
  • 卡片格式
题名:
弱电系统集成
    
 
作者: 刘军明 编著
分册:  
出版信息: 北京   科学出版社  2005
页数: 271页
开本: 26cm
丛书名: 系统集成项目案例导航
单 册:
中图分类: TU855
科图分类:
主题词: 智能建筑--自动化系统--系统设计--案例 , 自动化系统 , 系统设计 , 智能建筑 , 房屋建筑设备:机电设备
电子资源:
ISBN: 7-03-015326-X
000 00892oam2 2200289 450
001 002925890
005 20061107162338.62
010    @a7-03-015326-X@dCNY29.00
100    @a20050616d2005 em y0chiy0110 ea
101 0  @achi
102    @aCN@b110000
105    @ay z 000yy
200 1  @a弱电系统集成@9ruo dian xi tong ji cheng@f刘军明编著
210    @a北京@c科学出版社@d2005
215    @a271页@d26cm
225 2  @a系统集成项目案例导航
330    @a本书共11章,包括结构化布线系统、计算机网络系统、程控用户交换机系统、安全防范系统、智能卡一卡通系统等内容。
461  0 @12001 @a系统集成项目案例导航
606 0  @a智能建筑@x自动化系统@x系统设计@x案例
606 0  @a自动化系统
606 0  @a系统设计
606 0  @a智能建筑
606 0  @a房屋建筑设备:机电设备
690    @aTU855@v3
701  0 @a刘军明@9liu jun ming@4编著
801  0 @aCN@bNLC@c20061107
905    @a10447@dTU855@e320
    
    弱电系统集成/刘军明编著.-北京:科学出版社,2005
    271页;26cm.-(系统集成项目案例导航)
    
    
    ISBN 7-03-015326-X:CNY29.00
    本书共11章,包括结构化布线系统、计算机网络系统、程控用户交换机系统、安全防范系统、智能卡一卡通系统等内容。
●
相关链接 在E读中查询图书 在五车中查询图书 在当当中查询图书 在豆瓣中查询图书


正题名:弱电系统集成     索取号:TU855/320         预约/预借

序号 登录号 条形码 馆藏地/架位号 状态 备注
1 0381817   203818173   第二样本阅览室/ [索取号:TU855/320] 在馆    
2 0381818   203818182   第三借阅区/ [索取号:TU855/320] 在馆    
3 0381819   203818191   第三借阅区/ [索取号:TU855/320] 在馆    
4 0381820   203818208   第三借阅区/ [索取号:TU855/320] 在馆    
5 0381821   203818217   第三借阅区/ [索取号:TU855/320] 在馆    
唐山师范学院图书馆 欢迎您!
大连网信软件有限公司© 版权所有